Random Friends Knowledge #4 - Statistics

General Stats
  • This quiz has been taken 211 times
  • The average score is 9 of 15
Answer Stats
Question Answer % Correct
In how many categories does Monica categorize her towels? 11
93%
What is Joey's favorite food? Sandwiches
83%
How old did Joey tell his sister Dina he was when he first had sex? 25
82%
Who names Monica and Rachel as Noisy Girl #1 and Noisy Girl #2 in his will? Mr. Heckles
77%
Guest
68%
Who did Monica and Chandler see waiting for the elevator on their getaway in Jersey? Donald Trump
66%
Fancy
64%
Fancy guest
57%
What does Rose's - the elderly lady whose spirit entered Phoebe when she died - husband say Rose wanted to see? Everything
56%
Fill in this quote: "_____ is heads because _____ have heads!" Ducks
55%
What does the bracelet Joey gives to Chandler in season 2 say? To my best bud
54%
Alongside his ER costar Noah Wyle, who guest starred as a doctor in season 1? George Clooney
51%
Name the four towel categories mentioned in the lightning round quiz between Monica, Rachel, Chandler and Joey. Everyday use
43%
If Phoebe was omnipotent for a day, she'd want world peace, no more hunger, good things for the rain forests and... what? Bigger boobs
32%
What's the stripper name of Danny Devito's character at Phoebe's bachelorette party? Officer Goodbody
19%
No matching quizzes found
Score Distribution
Percent of People with Each Score
Percentile by Number Answered
Your Score History
You have not taken this quiz